Ensayistas proteccionistas del siglo XIX.

Збережено в:
Бібліографічні деталі
Автор: Villalobos Rivera, Sergio (recopilación)
Інші автори: Sagredo Baeza, Rafael (recopilación)
Формат: Книга
Мова:Іспанська
Опубліковано: Santiago, Chile: Centro de Investigaciones Diego Barros Arana; Dirección de Bibliotecas, Archivos y Museos, 1993.
Редагування:1a. edición.
Серія:Fuentes para la Historia de la República, Volumen VI.
Предмети:
Теги: Додати тег
Немає тегів, Будьте першим, хто поставить тег для цього запису!

MARC

LEADER 00000nam a2200000 a 4500
001 UCQ0032
003 CL-VaPUC
005 20220822114338.0
008 980619e19930000CL |||||||||||||||||spa|d
999 |c 271198  |d 271196 
020 |a 956-244-026-5  
040 |c Pontificia Universidad Católica de Valparaíso 
082 0 4 |a 983 VIL 1993  |2 21 
100 0 |a Villalobos Rivera, Sergio  |e recopilación   |9 413025 
245 1 0 |a Ensayistas proteccionistas del siglo XIX.  
250 |a 1a. edición.  
260 |a Santiago, Chile:   |b Centro de Investigaciones Diego Barros Arana;  |b Dirección de Bibliotecas, Archivos y Museos,  |c 1993.  
300 |a 315 páginas.  
490 0 |a Fuentes para la Historia de la República,  |v Volumen VI.  
500 |a c.2 Donación Familia Prof. Alejandro Guzmán Brito.  
583 |a last modification  |c 20160829 11:35:16  |k Rodrigo Vera 
650 7 |a HISTORIA ECONOMICA  |2 CL-VaPUC  |9 413027  |y SIGLO 19 
650 0 |a Historia de Chile   |y SIGLO 19  |9 322385 
650 0 |a Desarrollo económico  |z CHILE  |9 259599 
700 0 |a Sagredo Baeza, Rafael  |e recopilación   |9 413026 
852 |a BIBCUR 
942 |c BK  |2 ddc  |n 0 
945 |d 19980619 00:00:00  |a aalvarez 
952 |0 0  |1 0  |2 ddc  |4 0  |6 983_000000000000000_VIL_1993  |7 0  |8 A  |9 305761  |a BIBHIS  |b BIBHIS  |d 2019-11-20  |i 3437744  |l 1  |m 14  |o 983 VIL 1993  |p 3437744  |q 2025-07-11  |r 2023-01-25  |s 2021-12-27  |t 1  |w 2019-11-20  |y BK  |k HIS